000
00280nam a22001217a 4500
999
_c
12843
_d
12843
020
_a
9780812018141
082
_a
510.276
100
_a
James J. Rizzuto
245
_a
How to Prepare for SAT II: Mathematics Level 1
250
_a
6th
260
_a
USA
_b
Barrons
_c
1994
942
_c
BK